| 000 | 00669nam a22002297a 4500 | ||
|---|---|---|---|
| 003 | BUBTL | ||
| 008 | 220526b ||||| |||| 00| 0 eng d | ||
| 020 | _a9788131711033 | ||
| 082 | _a822.33/ Sh152m/ 2009 | ||
| 100 |
_91992 _aShakespeare, William |
||
| 245 |
_aMacbeth / _cWilliam Shakespeare |
||
| 250 | _a1st Edn. | ||
| 260 |
_aDelhi _bPearson _cc2009 |
||
| 300 |
_alviii, 277 p.: _c230 cm. |
||
| 440 |
_91993 _aLongman Study Edition |
||
| 505 | _aMacbeth, William Shakespeare, English Literature | ||
| 650 | 0 |
_91994 _aEnglish Literature |
|
| 700 |
_94583 _aSen, Abhijit |
||
| 856 |
_k0 _l0 _yDownload |
||
| 942 |
_2ddc _cBK |
||
| 999 |
_c6715 _d6715 |
||